MDQL
is popping MORE tags! Check the
thread
!
Quizzes
Events
Quiz Creation
Community
Videos
Private Events
Remove Ads
Sign In
Join for FREE
Feedback
Dark Mode
Quiz Categories
Sports
Geography
Music
Movies
Television
Just For Fun
Miscellaneous
History
Literature
Language
Science
Gaming
Entertainment
Religion
Holiday
For Kids
Quiz Lab
Recent
Popular Today
Quiz Kudos Today
Editor Picks
Curator Picks
Quizzes by...
Day
Popularity
Type
Ratings
Length
Year
Community
Subscriptions
Recent Discussions
Orange Saloon
Badges
Playlists
Quests
Create
Leaderboards
Showdown
Live 5
Trivia Bingo
Activity
Puzzle Library
Sporcle Events
Private Events
Virtual Trivia
Globe League
Become a Host
Pub Owners
SporcleCon
Opinionation
Our Games
Videos
Blog
Mobile Apps
Partnerships
Remove Ads and Go Orange
Feedback
Music
Pop Music
The Beatles
Song
Album
Lyrics
Bands
Singers
Artist
Clip
Rock
Rap
Classical
Billboard
Country Music
Kpop
Taylor Swift
Music
Pop Music
The Beatles
Song
Album
Lyrics
Bands
Singers
Artist
Clip
Rock
Rap
Classical
Billboard
Country Music
Kpop
Taylor Swift
Random Quiz
Search Sporcle
×
Quiz Lab
Quiz Lab
Music
Bands
Type in answers that appear in a list
Type in answers that appear in a list
Classic
Best Score? Go Orange.
Name the Song from the Lyrics Stats
Can you name the Name the Song from the Lyrics?
By
scottisawesome
8m
20 Questions
136 Plays
136 Plays
136 Plays
Comments
Comments
Give Quiz Kudos
Give Quiz Kudos
-
- Ratings
hide this ad
More Info
Forced Order
Answers have to be entered in order
Answers have to be entered in order
Replay
Link that replays current quiz
Next Quiz
Link to next quiz in quiz playlist
You Got
0%
They Got
Avg Score
17%
Avg Friend Score
Upgrade to see
Score Distribution
Jump to the score distribution portion of the page
Score
0/20
Timer
08:00
0
Plays Today
Lyrics
Song
% Correct
So lock up your daughter lock up your wife lock up your back door and run for you life
T.N.T
45.6%
I took my time, I hurried up, the choice was mine I didn't think enough
Adam's Song
44.1%
Don't want to hear about it, every single one's got a story to tell, everyone knows about it, from the Queen of England to the hounds of hell
Seven Nation Army
41.2%
Take your time, hurry up, the choice is yours don't be late
Come As You Are
35.3%
We're heading for Venus and still we stand tall 'cause maybe they've seen us and welcome us all, yeah
The Final Countdown
30.1%
I'm a sailor peg and I lost my leg, climbing up the top sails I lost my leg
I'm Shipping Up To Boston
25.7%
Didn't take too long 'fore I found out, what people mean my down and out
Black Dog
19.9%
Tell me I'm the only one, tell me there's no other one, Jesus was the only son for you
Bullet With Butterfly Wings
16.9%
Some call it slums some call it nice I want to take you through a wasteland I like to call my home
Welcome To Paradise
12.5%
I've got to keep on chasin' a dream I've gotta be on my way
Foreplay/Long Time
11.8%
Lyrics
Song
% Correct
You can't change the state of the nation, we just need some motivation
Still Waiting
10.3%
It seems you're having some trouble in dealing with these changes
Down With The Sickness
8.1%
So tired and oh so squeamish, you never fell in love, did you get what you deserve?
Dead!
8.1%
So never judge a book by it's cover or who you're going to love by your lover
Dude Looks Like A Lady
8.1%
A little something just to take off the edge, a little more and I'll fall off the planet entirely
When Your Heart Stops Beating
7.4%
Now and then I'll try to bend, under pressure wind up snapping in the end
Monkey Wrench
7.4%
I can't believe the things you say, I can't believe, I can't believe the price you pay, nothing can save you
...And Justice For All
7.4%
You're a fool don't you f*** around with my dog, all that I can see I steal as I fill up my garage
Garden Grove
4.4%
I went to heaven, but couldn't get in for what I have done. I said please take me, they said you're crazy you had too much fun
Save Me
4.4%
For no man does it ever wait like memories of dying days that deafen us like hurricanes
Savior
3.7%
Quiz Playlist
Details
Report
Send in Message
Add To Playlist
More Info:
This mixes up some classic rock with some newer stuff. Hope you enjoy!
Classic:
Type in answers that appear in a list
Forced Order:
Answers have to be entered in order
Last Updated: Feb 16, 2017
Quiz Scoreboard
CHALLENGE
Sign Up to Join the Scoreboard
Show All
Scores
Hide
Comments
May contain spoilers
Recently Published
Holiday 10x10 Sorting Gallery
by lukepisani3
Holiday
15m
Two Season TV Shows II
by 123Four
Television
10m
Image Sorting: Flags VI
by Barbecue
Geography
2m
More to Explore
Quiz From the Vault
Featured Blog Post
14 Easter Pick-up Lines to Find Eggs With
hide this ad
You Might Also Like...
Tags
Bands Quiz
Lyrics Quiz
Song Quiz
Today's Top Quizzes in Music
Browse Music
hide this ad
Today's Top Quizzes in Bands
Browse Bands
Top Contributed Quizzes in Music
1
5X2 Blitz: Bands II
2
Taylor Swift All Songs (2024)
3
5X2 Blitz: The Beatles
4
5X2 Blitz: Billboard
5
Music Artist by Three 2010s hits
6
5X2 Blitz: Billboard II
7
5X2 Blitz: Album
8
5X2 Blitz: Rock
9
5X2 Blitz: Singers
10
5X2 Blitz: Lyrics
Explore More
Trending Topics
NBA
Anime
Disney
Marvel
Harry Potter
Kpop
Crossword
WWE
NFL
Song
Country
Puzzle
Pokémon
Soccer
The Office
hide this ad
More By:
scottisawesome
Quiz
Plays
Rating
Category
Featured
Created
Name the TV Show from the Characters
965
3.71
Television
Dec 15, 2009
Blink-182 Song List
727
5.00
Music
Dec 8, 2009
Words That Don't Rhyme
533
3.00
Language
Dec 18, 2009
Director/Actor Collaborations
278
4.75
Movies
Dec 4, 2009
Name the Song from the Lyrics
136
3.67
Music
Dec 12, 2009
Go to Creator's Profile
Score Distribution
Quiz Creator Spotlight
scottisawesome
Follow
Send a Message
Quizzes Created
-
Created Quiz Play Count
-
More By This Creator
Popular Quizzes Today
1
Find the US States - No Outlines Minefield
2
Colored Red Africa Blitz
3
Find the 'City' Movie
4
The Countries of the World
5
Find the US States
6
5x2 Blitz: Bands
7
Find the Countries of Europe - No Outlines Minefield
8
US States
More Music Quizzes
Elton John by the Decade
Editor's Pick
Trending Quizzes
Colored Red Europe Blitz I
Colored Red Europe Blitz II
Colored Red Africa Blitz II
Colored Red Europe Blitz III
Colored Red Africa Blitz III
Recently Updated
Odd Team Out - Big 4 Players
pecheneg
Quick Pick: 20 Twenties
pecheneg
March Madness Men's Triple Doubles
pecheneg
How Do You Spell That?
pecheneg
Godzilla Movies
pecheneg
Grab Bag: 4-10 Letters
pecheneg
2024 March Madness Bracket
pecheneg
Famous TV Couples
Peacemaker
Champions League XIs: Real Madrid
pecheneg
Largest US Cities 1790-2010
pecheneg
Trending Topics
Crossword
Disney
Anime
Harry Potter
NBA
Kpop
Marvel
Country
Soccer
The Office
WWE
Song
Puzzle
NFL
Pokémon
Your Account Isn't Verified!
In order to create a playlist on Sporcle, you need to verify the email address you used during registration. Go to your
Sporcle Settings
to finish the process.
Report this User
Report this user for behavior that violates our
Community Guidelines
.
Details:
Send Report
Go to the Sporcle.com Mobile Site →
Comments